| 000 | 00925cam a22003014a 4500 | ||
|---|---|---|---|
| 001 | 12986301 | ||
| 003 | OSt | ||
| 005 | 20230621153208.0 | ||
| 008 | 021030s2000 fi a 000 0 eng | ||
| 010 | _a 2002507303 | ||
| 020 | _a9513732282 | ||
| 040 |
_aDLC _cDLC |
||
| 041 | 1 |
_aeng _hfin |
|
| 042 | _apcc | ||
| 043 | _ae-fi--- | ||
| 082 |
_a328.47 _bFIN |
||
| 110 | 1 |
_aFinland. _bEduskunta. |
|
| 240 | 1 | 0 |
_aSuomen eduskunta. _lEnglish |
| 245 | 1 | 4 |
_aThe Finnish parliament / _c[edited by the Parliamentary Office in cooperation with Edita ; English translation, David Morris]. |
| 250 | _a2nd rev. ed. | ||
| 260 |
_aHelsinki : _bFinnish Parliament : Edita, _c2000. |
||
| 300 |
_a86 p. : _bill. (chiefly col.) ; _c25 cm. |
||
| 610 | 1 | 0 |
_aFinland. _bEduskunta. |
| 700 | 1 | _aMorris, David. | |
| 906 |
_a7 _bcbc _corignew _d3 _encip _f20 _gy-gencatlg |
||
| 942 |
_2ddc _cBK |
||
| 999 |
_c2269 _d2269 |
||